000 00640nam a22002297a 4500
003 BUBTL
005 20240416064852.0
008 240416b ||||| |||| 00| 0 eng d
020 _a9788120348196
040 _cENGLISH
041 _aeng
082 _a658.4033/ R1801b/ 2013
100 _aRao, Purba Halady
_eaut
_95810
245 _aBusiness analytics:
_ban application focus /
_cPurba Halady Rao
250 _a1st ed
260 _aNew Delhi:
_bPHI Learning Private Limited,
_cc2018
300 _axiv; 238p. :
_c24 cm
500 _aIncludes Index
650 _aBusiness Analytics
_95811
650 0 _aMarketing
_953
942 _2ddc
_cBK
999 _c7304
_d7304